| 000 | 00482nam a22001697a 4500 | ||
|---|---|---|---|
| 005 | 20251108164654.0 | ||
| 008 | 250721s1999 xx 000 0 ara d | ||
| 082 | 1 | 4 | _a811.06/كنو |
| 100 | 1 | _aالكنوسي، جعفر | |
| 245 | 1 | 0 |
_aالسماع : _bشعر صوفس / |
| 264 | 1 |
_aالدار البيضاء : _bدار توبقال، _c1999. |
|
| 300 | _a1999 | ||
| 650 | 1 | 7 | _aالشعر العربي |
| 650 | 1 | 7 | _aالشعر الديني |
| 942 |
_2ddc _cBK |
||
| 999 |
_c11493 _d11493 |
||